人口比所有接壤地级行政区更少的地级行政区 - Statistics

General Stats
  • This quiz has been taken 25 times
  • The average score is 51 of 69
Answer Stats
接壤地级行政区个数 地级行政区 % Correct
12 阿拉善盟
100%
5 辽源市
100%
4 镇江市
100%
4 阿里地区
93%
3 北海市
93%
2 嘉峪关市
93%
2 莆田市
93%
4 日照市
93%
2 珠海市
93%
2 大兴安岭地区
86%
1 德宏傣族景颇族自治州
86%
3 鄂州市
86%
2 鹤壁市
86%
6 黄山市
86%
4 漯河市
86%
4 萍乡市
86%
5 七台河市
86%
6 三明市
86%
3 铜川市
86%
1 威海市
86%
2 新余市
86%
3 枣庄市
86%
4 张家界市
86%
3 阿勒泰地区
79%
2 博尔塔拉蒙古自治州
79%
4 潮州市
79%
3 东营市
79%
3 防城港市
79%
6 海北藏族自治州
79%
5 淮北市
79%
2 廊坊市
79%
6 林芝市
79%
4 汕尾市
79%
4 铜陵市
79%
1 西双版纳傣族自治州
79%
5 伊春市
79%
5 自贡市
79%
3 白山市
71%
5 本溪市
71%
7 果洛藏族自治州
71%
5 贺州市
71%
2 克孜勒苏柯尔克孜自治州
71%
3 攀枝花市
71%
5 三门峡市
71%
4 湘潭市
71%
4 阳泉市
71%
3 鹰潭市
71%
6 云浮市
71%
5 安顺市
64%
5 衡水市
64%
2 克拉玛依市
64%
6 来宾市
64%
4 盘锦市
64%
4 朔州市
64%
5 随州市
64%
5 资阳市
64%
4 阜新市
57%
4 哈密市
57%
6 淮南市
57%
5 晋城市
57%
5 马鞍山市
57%
7 濮阳市
57%
3 文山壮族苗族自治州
57%
5 广元市
50%
3 葫芦岛市
50%
5 绍兴市
50%
6 锡林郭勒盟
50%
4 玉溪市
43%
3 临沧市
21%
No matching quizzes found
Score Distribution
Percent of People with Each Score
Percentile by Number Answered
Your Score History
You have not taken this quiz